000 01123nam0a22002651 4500
001 rc\4880852
005 20260406153246.0
021 _aRU
_b[61-2240]
035 _a(NLR Aleph) 008826464
090 _a8254888
_c8254888
100 _a20130426d1960 |||y0rusy50 ca
101 0 _arus
102 _aRU
105 _aa z |||a|
200 1 _aИзбранные стихотворения
_f[Сост., ред., вступ. статья, с. 5-22, и примеч. К. Чуковского]
210 _aМосква
_cДетгиз
_d1960
215 _a126 с.
_cил.
_d23
225 1 _aШкольная библиотека для нерусских школ
_i[Для восьмилетней и средней школы]
700 1 _4070
_7ca
_8rus
_aНекрасов
_bН. А.
_cпоэт
_f1821-1877
_gНиколай Алексеевич
_9116209
_3RU\NLR\AUTH\776255
702 1 _4220
_4340
_4080
_4212
_7ca
_8rus
_aЧуковский
_bК. И.
_f1882-1969
_gКорней Иванович
_9111544
_3RU\NLR\AUTH\771522
801 0 _aRU
_bNLR
_gpsbo
801 1 _aRU
_bELAR
_2rusmarc
852 _aNLR
_j61-5/413
942 _cBOOK
980 _aNB